MARC
| LEADER | 00000cam a2200000 7i4500 | ||
|---|---|---|---|
| 001 | 0000049052 | ||
| 005 | 20050127.0 | ||
| 008 | 050127n | ||
| 020 | |a 9832261007 | ||
| 090 | 0 | 0 | |a 297.3822 AHM |
| 100 | 0 | |a Ahmad Sonhadji Mohamad | |
| 245 | 0 | 0 | |a Bimbingan Solat |c Ahmad Sonhadji Mohamad |
| 999 | |a 170707 |b Buku |c Rak Terbuka |e Perpustakaan Cawangan Jasin | ||
| 999 | |a 170709 |b Buku |c Rak Terbuka |e Perbadanan Perpustakaan Awam Melaka | ||